[Event "EU-ch U18 Girls"]
[Site "Batumi"]
[Date "2010.09.23"]
[Round "4"]
[White "Ugulava, Lela"]
[Black "Asan, Elvan"]
[Result "1-0"]
[WhiteElo "1960"]
[BlackElo "1817"]
[PlyCount "67"]
[EventDate "2010.09.20"]
[EventType "swiss"]
[EventRounds "9"]
[EventCountry "GEO"]
[SourceTitle "CBM 138 Extra"]
[Source "ChessBase"]
[SourceDate "2010.10.29"]
[SourceVersion "1"]
[SourceVersionDate "2010.10.29"]
[SourceQuality "1"]

1. e4 e5 2. Nf3 Nc6 3. Bb5 a6 4. Ba4 Nf6 5. 0-0 b5 6. Bb3 Be7 7. Re1 d6 8. c3 Na5 9. Bc2 c5 10. d4 Qc7 11. a4 b4 12. cxb4 cxb4 13. b3 Bg4 14. Be3 0-0 15. Nbd2 Rfc8 16. Rc1 Qb8 17. h3 Bd7 18. Bd3 Rc3 19. Nc4 Nxb3 20. Rxc3 bxc3 21. dxe5 dxe5 22. Nb6 Nd2 23. Nxd2 cxd2 24. Qxd2 Ra7 25. Nd5 Bxa4 26. Bxa7 Qxa7 27. Ra1 Nxd5 28. exd5 Qd4 29. Bxh7+ Kxh7 30. Qxd4 exd4 31. Rxa4 Bf6 32. Rxa6 Kg6 33. d6 d3 34. d7 1-0

[Event "Tbilisi Municipality Cup"]
[Site "Tbilisi"]
[Date "2009.06.15"]
[Round "1"]
[White "Margvelashvili, Giorgi"]
[Black "Ugulava, Lela"]
[Result "1-0"]
[WhiteElo "2491"]
[BlackElo "1977"]
[PlyCount "77"]
[EventDate "2009.06.15"]
[EventType "swiss"]
[EventRounds "9"]
[EventCountry "GEO"]
[SourceTitle "CBM 130 Extra"]
[Source "ChessBase"]
[SourceDate "2009.07.02"]
[SourceVersion "2"]
[SourceVersionDate "2009.07.15"]
[SourceQuality "1"]

1. Nf3 d5 2. c4 e6 3. g3 Nf6 4. Bg2 c5 5. cxd5 exd5 6. d4 Nc6 7. 0-0 Ne4 8. Be3 c4 9. b3 cxb3 10. Qxb3 Be7 11. Nfd2 0-0 12. Nxe4 dxe4 13. Bxe4 Nxd4 14. Qd3 Bf6 15. Nc3 Nc6 16. Rac1 Qxd3 17. exd3 Be6 18. a3 Rfd8 19. Ne2 Bd5 20. Rb1 Bxe4 21. dxe4 b6 22. Rfd1 Ne5 23. a4 Nc4 24. Bd4 Bxd4 25. Nxd4 Rd7 26. Nb5 Nd2 27. Rbc1 Rad8 28. Kg2 a6 29. Nc3 g6 30. Re1 Rd4 31. Rcd1 Kf8 32. Re2 Nb3 33. Rb1 Nc5 34. Rxb6 Nxa4 35. Nxa4 Rxa4 36. Rb7 a5 37. Rc2 Rxe4 38. Rcc7 h5 39. Rxf7+ 1-0

[Event "Wch U14 Girls"]
[Site "Kemer"]
[Date "2007.11.28"]
[Round "11"]
[White "Ugulava, Lela"]
[Black "Thilakawardana, Supeshala"]
[Result "1-0"]
[WhiteElo "1929"]
[BlackElo "1623"]
[PlyCount "59"]
[EventDate "2007.11.18"]
[EventType "swiss"]
[EventRounds "11"]
[EventCountry "TUR"]
[SourceTitle "CBM 121 Extra"]
[Source "ChessBase"]
[SourceDate "2008.01.10"]
[SourceVersion "1"]
[SourceVersionDate "2008.01.10"]
[SourceQuality "1"]

1. c4 e5 2. Nc3 Nf6 3. e4 Bc5 4. d3 d6 5. Be2 Nc6 6. Be3 Bb6 7. Nf3 Bg4 8. h3 Bxf3 9. Bxf3 Nd4 10. g4 h6 11. Bg2 Qd7 12. Qd2 a6 13. 0-0-0 Ba5 14. f4 Rb8 15. Kb1 b5 16. c5 b4 17. Nd5 Nxd5 18. exd5 Nb5 19. c6 Qd8 20. Ka1 f6 21. Be4 Qe7 22. Bg6+ Kd8 23. Rhe1 Nc3 24. bxc3 bxc3 25. Qc2 Rb2 26. Rb1 Qf8 27. Rxb2 cxb2+ 28. Qxb2 Bxe1 29. Qb8+ Ke7 30. Qxc7# 1-0